[Event "UT Dallas Fall Open"]
[Site "Dallas USA"]
[Date "2017.11.17"]
[EventDate "2017.11.17"]
[Round "1.17"]
[Result "1/2-1/2"]
[White "Mariam Danelia"]
[Black "Angel Arribas Lopez"]
[WhiteElo "2153"]
[BlackElo "2471"]
[PlyCount "78"]

1. d4 d6 2. e4 g6 3. Be3 Bg7 4. f3 a6 5. Qd2 Nd7 6. c4 e5
7. d5 f5 8. exf5 gxf5 9. Nc3 Bh6 10. Bxh6 Qh4+ 11. g3 Qxh6
12. Qxh6 Nxh6 13. O-O-O Nf6 14. Nh3 Nf7 15. Nf2 h5 16. Be2 Bd7
17. a3 Ke7 18. Rhg1 Rag8 19. b4 Rg7 20. c5 Rhg8 21. Bc4 h4
22. Ne2 Rh8 23. Rh1 Rgh7 24. Nc3 hxg3 25. hxg3 Rh2 26. Rxh2
Rxh2 27. Rd2 Rg2 28. Nh1 Rg1+ 29. Rd1 Rg2 30. Rd2 Rxd2
31. Kxd2 f4 32. gxf4 exf4 33. Nf2 Ne5 34. Be2 Bb5 35. Bxb5
Nxf3+ 36. Kd3 Ne5+ 37. Kd4 Nf3+ 38. Kd3 Ne5+ 39. Kd4 Nf3+
1/2-1/2

[Event "UT Dallas Fall Open"]
[Site "Dallas USA"]
[Date "2017.11.18"]
[EventDate "2017.11.17"]
[Round "2.15"]
[Result "1-0"]
[White "Danny Raznikov"]
[Black "Mariam Danelia"]
[WhiteElo "2488"]
[BlackElo "2153"]
[PlyCount "95"]

1. d4 Nf6 2. Bf4 g6 3. e3 Bg7 4. Nf3 O-O 5. h3 c5 6. c3 d5
7. Nbd2 cxd4 8. exd4 Bf5 9. Be2 Nc6 10. O-O Re8 11. Re1 Ne4
12. Bf1 Qb6 13. Qb3 Nxd2 14. Bxd2 Qxb3 15. axb3 h6 16. b4 a6
17. Be3 g5 18. h4 g4 19. Nd2 e5 20. dxe5 Nxe5 21. Bd4 Nd3
22. Bxd3 Bxd3 23. Bxg7 Kxg7 24. Nb3 b6 25. Nd4 Kf6 26. Kh2 h5
27. Kg3 Rxe1 28. Rxe1 a5 29. Ra1 a4 30. Kf4 b5 31. f3 Rg8
32. b3 gxf3 33. gxf3 axb3 34. Nxb3 Bc4 35. Nd4 Rc8 36. Ra6+
Kg7 37. Nf5+ Kf8 38. Rh6 Kg8 39. Ne7+ Kg7 40. Nf5+ Kg8
41. Ne7+ Kg7 42. Nxc8 Kxh6 43. Nd6 Be2 44. Ke3 Bf1 45. Kd4 Kg6
46. Kxd5 Kf6 47. Ne4+ Kf5 48. Ng3+ 1-0

[Event "UT Dallas Fall Open"]
[Site "Dallas USA"]
[Date "2017.11.19"]
[EventDate "2017.11.17"]
[Round "5.19"]
[Result "1/2-1/2"]
[White "Felix Jose Ynojosa Aponte"]
[Black "Mariam Danelia"]
[WhiteElo "2423"]
[BlackElo "2153"]
[PlyCount "96"]

1. c4 g6 2. Nc3 c5 3. Nf3 Bg7 4. d4 cxd4 5. Nxd4 Nc6 6. Nb3
Nf6 7. e4 d6 8. Be2 O-O 9. O-O b6 10. Be3 Ba6 11. Rc1 Qd7
12. f3 Rac8 13. Nb5 Bxb5 14. cxb5 Ne5 15. Qd4 Rxc1 16. Rxc1
Rc8 17. h3 Rxc1+ 18. Nxc1 Qc7 19. Qd2 Ned7 20. b3 h5 21. a4 e6
22. Bf4 Qc5+ 23. Kh1 d5 24. e5 Ne8 25. Be3 Qc7 26. f4 Bf8
27. b4 Ng7 28. Bd3 Nf5 29. Bxf5 gxf5 30. Nd3 Qc4 31. Qd1 Be7
32. Ne1 Qxb4 33. Nf3 Qe4 34. Qe1 Kh8 35. a5 Qd3 36. axb6 axb6
37. Bf2 Qxb5 38. Bh4 Qb4 39. Qg3 Nf8 40. Bf6+ Bxf6 41. exf6
Ng6 42. Ne5 Kh7 43. Nxf7 Qxf4 44. Ng5+ Kh6 45. Nf7+ Kh7
46. Ng5+ Kh6 47. Nf7+ Kh7 48. Ng5+ Kh6 1/2-1/2